Matemáticas para administración, economía, ciencias sociales y de la vida

محفوظ في:
التفاصيل البيبلوغرافية
المؤلفون الرئيسيون: Haeussler, Ernest F (مؤلف), Paul, Richard S (مؤلف)
التنسيق: كتاب
اللغة:الإسبانية
منشور في: Ciudad de México, México Prentice Hall Hispanoamerica 1997
الموضوعات:
الوصول للمادة أونلاين:Disponible Online
الوسوم: إضافة وسم
لا توجد وسوم, كن أول من يضع وسما على هذه التسجيلة!

MARC

LEADER 00000nam a2200000 a 4500
001 UCP4751
003 CL-VaPUC
005 20230629120255.0
008 990813e19970000MX |||||||||||||||||spa|d
999 |c 282649  |d 282647 
020 |a 9688809632 
040 |c Pontificia Universidad Católica de Valparaíso 
082 0 4 |a 512 HAE 1978  |2 21 
100 |a Haeussler, Ernest F  |e author  |9 574465 
245 1 0 |a Matemáticas para administración, economía, ciencias sociales y de la vida 
260 |a Ciudad de México, México   |b Prentice Hall Hispanoamerica  |c 1997 
300 |a 941 páginas  
583 |a last modification  |c 19990813 00:00:00  |k Rodrigo Vera 
650 0 |a Álgebra  |9 259567 
650 0 |a Álgebra   |x Matrices  |9 369268 
650 0 |a Curvas  |2 CL-VaPUC  |9 315148 
650 0 |a Ecuaciones  |9 260137 
650 0 |a Estadísticas  |9 258644 
650 0 |a Funciones   |9 263869 
650 0 |a Funciones exponenciales   |2 CL-VaPUC  |9 360716 
650 0 |a Integración   |9 316470 
650 0 |a Probabilidades   |2 CL-VaPUC  |9 260199 
650 0 |a Programación lineal   |9 23 
650 0 |a Rectas  |2 CL-VaPUC  |9 432612 
650 0 |a Variables  |9 338106 
700 0 |a Paul, Richard S  |e author  |9 432610 
856 |u http://bibliografiadigital.pucv.cl.pucv.idm.oclc.org/index.php/bibliotecapucv/catalog/book/326  |y Disponible Online  
942 |c BK  |2 ddc 
945 |d 19990813 00:00:00  |a rbrito 
952 |0 0  |1 2  |2 ddc  |4 0  |6 512_000000000000000_HAE_1997  |7 0  |8 A  |9 324704  |a BIBENE  |b BIBENE  |d 2019-11-20  |i 4321790  |o 512 HAE 1997  |p 4321790  |r 2019-11-20  |w 2019-11-20  |y BK  |k ICO